[Event "Stay Safe Play From Home 347"]
[Site "Emanuel Lasker Arena"]
[Date "2020.07.31"]
[Round "7"]
[White "Nuktotitakoi"]
[Black "Mepe_Nika"]
[Result "1-0"]
[WhiteElo "2299"]
[BlackElo "2381"]
[Annotator "TA"]
[PlyCount "63"]
[EventDate "2020.07.31"]
[EventType "swiss (blitz)"]

{[%evp 13,62,73,50,7,43,14,68,58,117,110,146,135,145,70,272,12,41,0,0,0,29,9,72,82,74,77,66,78,100,93,88,101,104,-16,-17,-25,-20,-29,-3,-8,0,0,0,0,0,0,29994,29995,29995,29996,29999]} 1. Nf3 d5 2. c4 dxc4 3. e3 Nf6 4. Bxc4 g6 5. d4 Bg7 6. Nc3 O-O 7. O-O c5 8. Qe2 {[#] D25: Queen's Gambit Accepted: 4 e3: sidelines and 4...Bg4.} Qc7 $146 ({Predecessor:} 8... cxd4 9. exd4 Nc6 10. Rd1 Bg4 11. Be3 Na5 12. Bd3 Nd5 13. h3 Nxe3 14. fxe3 Bxf3 15. gxf3 Rc8 {0-1 (38) Olivera,H (2112)-Scarella,E (2281) Buenos Aires 2019}) 9. Bd2 b6 ({Black should play} 9... Bg4 $11) 10. Rac1 $14 {White is slightly better.} cxd4 (10... e6 $14) 11. Nxd4 Bb7 12. Ncb5 $1 {[%cal Rb5c7]} Qd7 13. Rfd1 (13. Nc7 $1 $16) 13... a6 $2 {[#]} (13... Nc6 $14) 14. Nc3 $2 (14. Nc7 $1 $18 {[%mdl 512]}) 14... Nc6 15. Be1 Nxd4 16. Rxd4 Qf5 (16... Qc6 {keeps more tension.} 17. f3 b5 18. Bb3 Rad8 19. Rcd1 Rxd4 20. exd4 Qd7) 17. f3 $36 {[%mdl 2048] White has the initiative.} Rfd8 (17... b5 $11 {keeps the balance.} 18. Bb3 Rad8) 18. Rxd8+ Rxd8 19. Bxa6 Bxa6 20. Qxa6 Qe6 21. Qe2 Nd5 {[#]} 22. Nxd5 $1 Qxd5 23. e4 (23. b3 $16) 23... Qxa2 $11 24. Bc3 Bxc3 25. Rxc3 {[%mdl 4096] Endgame KQR-KQR} Qa1+ 26. Kf2 h5 27. h4 Rd1 {Threatens to win with ...Rh1.} 28. Kg3 Rh1 {Strongly threatening ...Qg1.} 29. Qf2 Rb1 $2 {[%mdl 8192]} (29... Kg7 $11) 30. Rc8+ {White mates.} Kh7 31. Qd4 {[%csl Gc8][%cal Rd4h8]} Qxb2 32. Rh8# $1 {Accuracy: White = 60%, Black = 44%.} 1-0

[Event "Stay Safe Play From Home 347"]
[Site "Emanuel Lasker Arena"]
[Date "2020.07.31"]
[Round "7"]
[White "SelamiSahin"]
[Black "AChessPlayer"]
[Result "1-0"]
[WhiteElo "2153"]
[BlackElo "2417"]
[Annotator "TA"]
[PlyCount "161"]
[EventDate "2020.07.31"]
[EventType "swiss (blitz)"]

{[%evp 12,160,43,0,50,-37,91,11,8,-2,36,8,6,-48,-29,-21,-45,-197,-195,-206,-197,-208,-191,-199,-192,-202,-168,-162,132,158,178,165,184,176,220,220,192,180,198,60,95,86,96,58,113,43,31,14,38,0,97,-13,256,268,422,412,516,293,625,347,29951,29949,6487,5314,5314,6199,2397,1019,29970,29969,29969,29969,29974,29975,29972,-29977,-29978,-29978,29972,29973,29973,29974,29973,29975,29975,29976,29976,29977,29977,29978,29978,29979,29975,0,0,0,3,4,29982,29983,29983,29984,29984,29985,29985,29986,29986,29987,29988,29989,29990,29987,29987,29987,29987,29988,29988,29989,29989,29990,29992,29993,29993,29993,29993,29994,29995,29996,29996,29996,29997,29996,29996,29996,29996,29996,29996,29997,29997,29997,29997,29997,29997,29997,29998,29997,29997,29998,29998,29999,29999]} 1. d4 Nf6 2. c4 g6 3. Nc3 Bg7 4. e4 d6 5. Bd3 O-O 6. Nge2 e5 7. O-O Nc6 {E70: King's Indian: Miscellaneous lines with 4 e4, including 5 Nge2 and 5 Bd3 0-0 6 Nge2.} 8. Be3 ({White should try} 8. d5 $14 Nd4 9. Bg5) 8... Re8 {[#]} (8... exd4 $15 {stays ahead.} 9. Nxd4 Ng4 10. Nxc6 bxc6) 9. f3 {[#]} (9. d5 $1 $16 {[%cal Rd5c6]} Nb4 10. Bb1) 9... exd4 $146 {The position is equal.} ({Predecessor:} 9... Nxe4 10. fxe4 exd4 11. Bd2 dxc3 12. Nxc3 Be6 13. b3 Qh4 14. g3 Qh3 15. g4 Ne5 16. Be2 Nxg4 17. Bxg4 Bxg4 {0-1 (23) Rzepka,K-Drzazga,R (2110) Slask 1996}) 10. Nxd4 Ne5 11. b3 c6 12. Be2 (12. Qd2 $11) 12... d5 $1 $15 13. cxd5 cxd5 14. f4 $2 ({White has to play} 14. Rc1 $1 $15) 14... Neg4 $19 15. Bxg4 Nxg4 16. Qd2 Nxe3 17. Qxe3 dxe4 18. Rad1 Qb6 {Hoping for ...Bg4.} 19. Nd5 Qd6 $2 (19... Qa5 $19 20. Ne2 Be6) 20. Nb5 $1 $16 {[%csl LRa7,LRd6][%mdl 64] Double Attack, Discovered Attack} Qf8 21. Nbc7 Bg4 22. Rd2 Rad8 23. Nxe8 Qxe8 24. h3 Be6 25. Nc3 (25. Qxe4 $18 {Black must now prevent Rfd1.} Kh8 26. Qe3 (26. Nc7 Rxd2 27. Nxe8 Bd5 $11)) 25... f5 26. Rfd1 $36 {[%mdl 2048] White is in control.} Rxd2 27. Rxd2 (27. Qxd2 {is interesting.} Qe7 28. Kf1 a6 29. Nd5 Qc5 30. Qb4) 27... h5 (27... b6 $14) 28. Na4 (28. Qc5 $16) 28... b6 $14 29. Rd6 Kh7 30. Qd2 Bg8 (30... Bc8 $11 {remains equal.} 31. Rd8 Qc6) 31. Rd7 ({White should play} 31. Nc3 $16) 31... Be6 $2 {[%mdl 8192]} (31... e3 $1 $11 32. Rxg7+ (32. Qd4 $2 Bf7 $19) 32... Kxg7 33. Qd4+ Kh7) 32. Rxa7 $18 b5 (32... Qc8 {was called for.} 33. Qd6 (33. Nxb6 Qb8 $14) 33... Qc1+ 34. Kh2 Kh6) 33. Nc5 Bc8 34. Nd7 {Threatening mate with Nf6+.} Bxd7 $2 (34... Qe7 35. Qd5 Kh6) 35. Rxd7 {[%mdl 4096] Endgame KQR-KQB} e3 $2 (35... Qf8 $18 36. Qd6 Qxd6 37. Rxd6 b4) 36. Qd4 $1 {[%csl Gd7][%cal Rd4g7]} Qg8 {[#]} 37. Qxg7+ $1 {[%mdl 512]} Qxg7 38. Rxg7+ Kxg7 {KP-KP} 39. Kf1 (39. a4 $142 bxa4 40. bxa4) 39... b4 40. Ke2 g5 41. Kxe3 gxf4+ 42. Kxf4 Kf6 43. g4 $4 {[%mdl 8192]} (43. h4 {and life is good for White.} Ke6 44. Kg5 Ke5 45. Kxh5 Kf6 46. Kh6 f4 47. h5 Kf7 48. Kg5) 43... fxg4 44. hxg4 {K3P-KPP} h4 $4 {[%mdl 8192]} (44... hxg4 45. Kxg4 Ke5 46. Kf3 Kd4 47. Kg3 Kc3 48. Kf4 Kb2 49. a4 bxa3 50. b4 a2 51. Ke5 a1=Q 52. Kd5 Qa4 53. Kc5 Kb3 54. b5 Qc4+ 55. Kd6 Qxb5 56. Ke6 Qg5 57. Kd6 Kc4 58. Ke6 Kc5 59. Kd7 Qf6 60. Ke8 Qg7 61. Kd8 Kd6 62. Ke8 Qg8#) 45. g5+ Kg6 46. Kg4 h3 47. Kxh3 Kxg5 {KPP-KP} 48. Kg3 Kf5 49. Kf3 Ke5 50. Ke3 Kd5 {[#]} 51. Kd3 $1 Kc5 52. Kc2 $2 (52. Ke4 {mates} Kc6 53. Kd4 Kb5 54. Kd5 Kb6 55. Kc4 Kc7 56. Kxb4 Kc6 57. Kc4) 52... Kd5 $11 53. Kb2 {Strongly threatening a4.} Kd4 54. a3 Kd3 $2 {[%mdl 8192] White now steadily converts the win.} (54... Kc5 $11) 55. axb4 {KP-KP. White mates.} Kd4 56. Ka3 Kd5 57. Ka4 Kc6 58. Ka5 Kb7 59. Kb5 Ka7 60. Kc6 Kb8 61. Kb6 Kc8 62. Ka7 Kc7 63. b5 Kd6 64. b6 Kc5 65. b7 Kb4 66. b8=Q+ Ka3 67. b4 Kb2 68. b5 Ka2 69. b6 Kb2 70. b7 Ka3 71. Kb6 Kb4 72. Kc7 Kc4 73. Qc8 Kd4 74. b8=Q Ke4 75. Kb7 Kf3 76. Qbc7 Ke3 77. Q8d8 Kf2 78. Qce7 Kg3 79. Qdf8 Kh3 80. Qeg7 {[%cal Rf8h8]} Kh4 81. Qfh8# {Accuracy: White = 55%, Black = 48%.} 1-0

[Event "Stay Safe Play From Home 347"]
[Site "Emanuel Lasker Arena"]
[Date "2020.07.31"]
[Round "7"]
[White "Little champs"]
[Black "Trotsky"]
[Result "1-0"]
[WhiteElo "2119"]
[BlackElo "1628"]
[Annotator "NA"]
[PlyCount "99"]
[EventDate "2020.07.31"]
[EventType "swiss (blitz)"]

1. d4 {[%emt 0:00:01]} d5 {[%emt 0:00:01]} 2. e3 {[%emt 0:00:00]} e6 {[%emt 0:00:00]} 3. Nf3 {[%emt 0:00:00]} c5 {[%emt 0:00:01]} 4. Be2 {[%emt 0:00:01]} Nc6 {[%emt 0:00:01]} 5. O-O {[%emt 0:00:01]} c4 {[%emt 0:00:00]} 6. b3 {[%emt 0:00:01]} Bd6 {[%emt 0:00:01]} 7. bxc4 {[%emt 0:00:00]} Nf6 {[%emt 0:00:02]} 8. cxd5 {[%emt 0:00:00]} exd5 {[%emt 0:00:01]} 9. c4 {[%emt 0:00:00]} Qc7 {[%emt 0:00:01]} 10. Nc3 {[%emt 0:00:04]} a6 {[%emt 0:00:01]} 11. cxd5 {[%emt 0:00:03]} Ne7 {[%emt 0:00:01]} 12. Bb2 {[%emt 0:00:01]} Ng4 {[%emt 0:00:01]} 13. h3 {[%emt 0:00:01]} h5 {[%emt 0:00:02]} 14. e4 {[%emt 0:00:01]} Bd7 {[%emt 0:00:02]} 15. e5 {[%emt 0:00:00]} O-O-O {[%emt 0:00:04]} 16. exd6 {[%emt 0:00:01]} Qxd6 {[%emt 0:00:01]} 17. Ne4 {[%emt 0:00:00]} Qf4 {[%emt 0:00:02]} 18. Rc1+ {[%emt 0:00:00]} Kb8 {[%emt 0:00:01]} 19. Neg5 {[%emt 0:00:06]} f6 {[%emt 0:00:02]} 20. Nf7 {[%emt 0:00:04]} Rdf8 {[%emt 0:00:01]} 21. Nxh8 {[%emt 0:00:03]} Rxh8 {[%emt 0:00:01]} 22. Qd2 {[%emt 0:00:00]} Qd6 {[%emt 0:00:02]} 23. Bc3 {[%emt 0:00:04]} g5 {[%emt 0:00:01]} 24. Bb4 {[%emt 0:00:01]} Qf4 {[%emt 0:00:04]} 25. Qxf4+ {[%emt 0:00:01]} gxf4 {[%emt 0:00:01]} 26. Bxe7 {[%emt 0:00:00]} Ka7 {[%emt 0:00:02]} 27. hxg4 {[%emt 0:00:01]} hxg4 {[%emt 0:00:01]} 28. Ne5 {[%emt 0:00:00]} fxe5 {[%emt 0:00:01]} 29. dxe5 {[%emt 0:00:01]} f3 {[%emt 0:00:01]} 30. gxf3 {[%emt 0:00:01]} gxf3 {[%emt 0:00:01]} 31. Bxf3 {[%emt 0:00:00]} Bh3 {[%emt 0:00:01]} 32. Rc4 {[%emt 0:00:08]} Rg8+ {[%emt 0:00:01]} 33. Bg4 {[%emt 0:00:03]} Bxg4 {[%emt 0:00:02]} 34. Rxg4 {[%emt 0:00:01]} Rc8 {[%emt 0:00:02]} 35. Kh2 {[%emt 0:00:00]} Rc2 {[%emt 0:00:01]} 36. Rd4 {[%emt 0:00:00]} Rxa2 {[%emt 0:00:01]} 37. d6 {[%emt 0:00:00]} Kb6 {[%emt 0:00:01]} 38. d7 {[%emt 0:00:00]} Ra5 {[%emt 0:00:02]} 39. d8=Q+ {[%emt 0:00:00]} Kb5 {[%emt 0:00:01]} 40. Qxa5+ {[%emt 0:00:00]} Kxa5 {[%emt 0:00:01]} 41. Rd5+ {[%emt 0:00:00]} Ka4 {[%emt 0:00:02]} 42. Rfd1 {[%emt 0:00:00]} b5 {[%emt 0:00:01]} 43. f4 {[%emt 0:00:00]} a5 {[%emt 0:00:01]} 44. f5 {[%emt 0:00:00]} b4 {[%emt 0:00:00]} 45. f6 {[%emt 0:00:00]} Ka3 {[%emt 0:00:00]} 46. f7 {[%emt 0:00:00]} a4 {[%emt 0:00:01]} 47. f8=Q {[%emt 0:00:00]} Ka2 {[%emt 0:00:02]} 48. Qf3 {[%emt 0:00:00]} b3 {[%emt 0:00:00]} 49. Ra5 {[%emt 0:00:01]} b2 {[%emt 0:00:01]} 50. Rxa4# {[%emt 0:00:00] (Lag: Av=0.57s, max=2.3s) .} 1-0

[Event "Stay Safe Play From Home 347"]
[Site "Emanuel Lasker Arena"]
[Date "2020.07.31"]
[Round "7"]
[White "Hickey"]
[Black "TheCHESSHOUSE"]
[Result "1-0"]
[WhiteElo "2068"]
[BlackElo "2129"]
[Annotator "NA"]
[PlyCount "83"]
[EventDate "2020.07.31"]
[EventType "swiss (blitz)"]

1. Nf3 {[%emt 0:00:01]} Nf6 {[%emt 0:00:01]} 2. g3 {[%emt 0:00:00]} g6 {[%emt 0:00:00]} 3. Bg2 {[%emt 0:00:00]} Bg7 {[%emt 0:00:00]} 4. O-O {[%emt 0:00:00]} d6 {[%emt 0:00:00]} 5. d4 {[%emt 0:00:00]} O-O {[%emt 0:00:00]} 6. b3 {[%emt 0:00:01]} c6 {[%emt 0:00:00]} 7. Bb2 {[%emt 0:00:00]} Nbd7 {[%emt 0:00:00]} 8. Nbd2 {[%emt 0:00:00]} Qc7 {[%emt 0:00:00]} 9. e3 {[%emt 0:00:00]} e5 {[%emt 0:00:01]} 10. c4 {[%emt 0:00:00]} Re8 {[%emt 0:00:02]} 11. Rc1 {[%emt 0:00:01]} a6 {[%emt 0:00:02]} 12. Nb1 {[%emt 0:00:01]} Nf8 {[%emt 0:00:01]} 13. Nc3 {[%emt 0:00:01]} Bg4 {[%emt 0:00:02]} 14. h3 {[%emt 0:00:01]} Bxf3 {[%emt 0:00:01]} 15. Qxf3 {[%emt 0:00:00]} e4 {[%emt 0:00:01]} 16. Qe2 {[%emt 0:00:01]} Rad8 {[%emt 0:00:02]} 17. Qc2 {[%emt 0:00:01]} Qd7 {[%emt 0:00:00]} 18. d5 {[%emt 0:00:02]} cxd5 {[%emt 0:00:01]} 19. Nxd5 {[%emt 0:00:00]} Rc8 {[%emt 0:00:00]} 20. Nxf6+ {[%emt 0:00:01]} Bxf6 {[%emt 0:00:01]} 21. Bxf6 {[%emt 0:00:00]} b5 {[%emt 0:00:01]} 22. Qb2 {[%emt 0:00:01]} bxc4 {[%emt 0:00:01]} 23. bxc4 {[%emt 0:00:00]} Qe6 {[%emt 0:00:01]} 24. Bg5 {[%emt 0:00:02]} Nd7 {[%emt 0:00:02]} 25. h4 {[%emt 0:00:02]} Ne5 {[%emt 0:00:01]} 26. Qb3 {[%emt 0:00:04]} Nd3 {[%emt 0:00:01]} 27. Rcd1 {[%emt 0:00:01]} Rb8 {[%emt 0:00:01]} 28. Qc3 {[%emt 0:00:02]} Rbc8 {[%emt 0:00:01]} 29. Rxd3 {[%emt 0:00:01]} exd3 {[%emt 0:00:01]} 30. Bd5 {[%emt 0:00:00]} Qf5 {[%emt 0:00:02]} 31. Rd1 {[%emt 0:00:00]} Re5 {[%emt 0:00:05]} 32. Qxd3 {[%emt 0:00:01]} Qd7 {[%emt 0:00:04]} 33. Bf4 {[%emt 0:00:01]} Ree8 {[%emt 0:00:01]} 34. Rb1 {[%emt 0:00:01]} Rb8 {[%emt 0:00:01]} 35. Rxb8 {[%emt 0:00:01]} Rxb8 {[%emt 0:00:00]} 36. Kg2 {[%emt 0:00:00]} h5 {[%emt 0:00:01]} 37. Qd4 {[%emt 0:00:01]} Kh7 {[%emt 0:00:01]} 38. Bg5 {[%emt 0:00:01]} Re8 {[%emt 0:00:02]} 39. Qf6 {[%emt 0:00:01]} Re7 {[%emt 0:00:01]} 40. e4 {[%emt 0:00:01]} Re5 {[%emt 0:00:04]} 41. Bh6 {[%emt 0:00:02]} Kxh6 {[%emt 0:00:01]} 42. Qh8# {[%emt 0:00:01] (Lag: Av=0.90s, max=1.3s)} 1-0

[Event "Stay Safe Play From Home 347"]
[Site "Emanuel Lasker Arena"]
[Date "2020.07.31"]
[Round "7"]
[White "Buzaglo"]
[Black "Justwatch"]
[Result "0-1"]
[WhiteElo "1821"]
[BlackElo "1617"]
[Annotator "NA"]
[PlyCount "66"]
[EventDate "2020.07.31"]
[EventType "swiss (blitz)"]

1. d4 {[%emt 0:00:01]} Nf6 {[%emt 0:00:00]} 2. Nf3 {[%emt 0:00:00]} g6 {[%emt 0:00:00]} 3. g3 {[%emt 0:00:00]} Bg7 {[%emt 0:00:00]} 4. Bg2 {[%emt 0:00:00]} O-O {[%emt 0:00:00]} 5. O-O {[%emt 0:00:00]} d6 {[%emt 0:00:00]} 6. c4 {[%emt 0:00:00]} Nc6 {[%emt 0:00:00]} 7. Nc3 {[%emt 0:00:00]} Bg4 {[%emt 0:00:00]} 8. d5 {[%emt 0:00:00]} Bxf3 {[%emt 0:00:00]} 9. dxc6 {[%emt 0:00:04]} Bxg2 {[%emt 0:00:01]} 10. Kxg2 {[%emt 0:00:01]} bxc6 {[%emt 0:00:01]} 11. Qa4 {[%emt 0:00:02]} Rb8 {[%emt 0:00:00]} 12. Qxc6 {[%emt 0:00:01]} Rb6 {[%emt 0:00:01]} 13. Qf3 {[%emt 0:00:01]} e5 {[%emt 0:00:01]} 14. Na4 {[%emt 0:00:01]} Rb4 {[%emt 0:00:02]} 15. b3 {[%emt 0:00:01]} e4 {[%emt 0:00:02]} 16. Qf4 {[%emt 0:00:10]} Nh5 {[%emt 0:00:03]} 17. Qd2 {[%emt 0:00:04]} c5 {[%emt 0:00:00]} 18. Rb1 {[%emt 0:00:01]} Qf6 {[%emt 0:00:03]} 19. Bb2 {[%emt 0:00:01]} Qe6 {[%emt 0:00:02]} 20. Bxg7 {[%emt 0:00:02]} Kxg7 {[%emt 0:00:00]} 21. Nb2 {[%emt 0:00:00]} Qg4 {[%emt 0:00:02]} 22. h3 {[%emt 0:00:01]} Qe6 {[%emt 0:00:04]} 23. Nd1 {[%emt 0:00:02]} f5 {[%emt 0:00:02]} 24. Ne3 {[%emt 0:00:01]} f4 {[%emt 0:00:01]} 25. Nd5 {[%emt 0:00:00]} fxg3 {[%emt 0:00:02]} 26. Nxb4 {[%emt 0:00:02]} cxb4 {[%emt 0:00:01]} 27. fxg3 {[%emt 0:00:03]} Qe5 {[%emt 0:00:00]} 28. Rxf8 {[%emt 0:00:01]} Kxf8 {[%emt 0:00:00]} 29. Kf1 {[%emt 0:00:00]} Nxg3+ {[%emt 0:00:01]} 30. Ke1 {[%emt 0:00:00]} e3 {[%emt 0:00:01]} 31. Qd3 {[%emt 0:00:02]} Ne4 {[%emt 0:00:01]} 32. Rd1 {[%emt 0:00:02]} Qg3+ {[%emt 0:00:02]} 33. Kf1 {[%emt 0:00:03]} Qf2# {[%emt 0:00:00] (Lag: Av=0.54s, max=0.7s)} 0-1

[Event "Stay Safe Play From Home 347"]
[Site "Emanuel Lasker Arena"]
[Date "2020.07.31"]
[Round "7"]
[White "Gibiz144"]
[Black "Stefanone"]
[Result "0-1"]
[WhiteElo "1637"]
[BlackElo "2025"]
[Annotator "NA"]
[PlyCount "68"]
[EventDate "2020.07.31"]
[EventType "swiss (blitz)"]

1. d4 {[%emt 0:00:01]} d5 {[%emt 0:00:01]} 2. Bg5 {[%emt 0:00:01]} c6 {[%emt 0:00:01]} 3. Nf3 {[%emt 0:00:01]} f6 {[%emt 0:00:02]} 4. Bh4 {[%emt 0:00:01]} e6 {[%emt 0:00:00]} 5. e3 {[%emt 0:00:03]} Be7 {[%emt 0:00:00]} 6. Bd3 {[%emt 0:00:01]} f5 {[%emt 0:00:00]} 7. Bg3 {[%emt 0:00:01]} Nf6 {[%emt 0:00:01]} 8. c3 {[%emt 0:00:02]} O-O {[%emt 0:00:01]} 9. Qc2 {[%emt 0:00:01]} Ne4 {[%emt 0:00:00]} 10. Be5 {[%emt 0:00:02]} Bf6 {[%emt 0:00:01]} 11. h4 {[%emt 0:00:02]} h6 {[%emt 0:00:01]} 12. h5 {[%emt 0:00:02]} Qe7 {[%emt 0:00:01]} 13. Nbd2 {[%emt 0:00:02]} Nd7 {[%emt 0:00:02]} 14. Bxe4 {[%emt 0:00:04]} dxe4 {[%emt 0:00:01]} 15. Nh2 {[%emt 0:00:02]} Bxe5 {[%emt 0:00:01]} 16. dxe5 {[%emt 0:00:01]} Nxe5 {[%emt 0:00:00]} 17. O-O-O {[%emt 0:00:02]} Nd3+ {[%emt 0:00:01]} 18. Kb1 {[%emt 0:00:02]} e5 {[%emt 0:00:01]} 19. Nb3 {[%emt 0:00:02]} Be6 {[%emt 0:00:01]} 20. g4 {[%emt 0:00:04]} fxg4 {[%emt 0:00:01]} 21. Rdg1 {[%emt 0:00:02]} Rxf2 {[%emt 0:00:01]} 22. Nd2 {[%emt 0:00:04]} Qf7 {[%emt 0:00:02]} 23. Nxg4 {[%emt 0:00:02]} Bxa2+ {[%emt 0:00:02]} 24. Ka1 {[%emt 0:00:06]} Rf3 {[%emt 0:00:02]} 25. Nxh6+ {[%emt 0:00:02]} Kf8 {[%emt 0:00:01]} 26. Nxf7 {[%emt 0:00:01]} Rxf7 {[%emt 0:00:01]} 27. Rf1 {[%emt 0:00:00]} Ke7 {[%emt 0:00:01]} 28. Rxf7+ {[%emt 0:00:01]} Kxf7 {[%emt 0:00:00]} 29. Nxe4 {[%emt 0:00:01]} Bd5 {[%emt 0:00:02]} 30. Rf1+ {[%emt 0:00:01]} Ke6 {[%emt 0:00:01]} 31. Ng5+ {[%emt 0:00:01]} Kd7 {[%emt 0:00:01]} 32. Qxd3 {[%emt 0:00:02]} Kc7 {[%emt 0:00:00]} 33. e4 {[%emt 0:00:01]} Bb3 {[%emt 0:00:02]} 34. Rf6 {[%emt 0:00:01]} Kb6 {[%emt 0:00:00] Zeit (Lag: Av=0.38s, max=0.8s)} 0-1

[Event "Stay Safe Play From Home 347"]
[Site "Emanuel Lasker Arena"]
[Date "2020.07.31"]
[Round "8"]
[White "AChessPlayer"]
[Black "Mepe_Nika"]
[Result "0-1"]
[WhiteElo "2389"]
[BlackElo "2360"]
[Annotator "TA"]
[PlyCount "160"]
[EventDate "2020.07.31"]
[EventType "swiss (blitz)"]

{[%evp 10,159,10,-7,0,-13,-18,-42,-18,-41,-46,-52,-37,-58,0,-97,70,68,69,84,71,72,89,70,111,41,122,93,152,129,489,-41,-41,-44,-44,-49,-49,-81,37,-18,0,-52,-24,-143,-94,-106,-19,-99,-89,-90,-106,-95,-85,-91,-65,-148,-148,-148,-138,-210,-206,-306,-321,-317,-306,-295,-239,-365,-350,-434,-434,-377,-370,-416,-414,-403,-363,-800,-818,-784,-784,-784,-784,-784,-784,-784,-784,-756,-756,-12679,-149,-29956,-9127,-29960,-29962,-29959,-29962,-29971,-29973,-29974,-29973,-29978,-29979,-29979,-29977,-29979,-29976,-29976,-29976,-29978,-29978,-29976,-29975,-29981,-29981,-29983,-29982,-29981,-29982,-29986,-29981,-29988,-29988,-29988,-29988,-29988,-29989,-29989,-29990,-29990,-29991,-29991,-29992,-29992,-29993,-29993,-29994,-29993,-29994,-29995,-29996,-29996,-29997,-29997,-29997,-29997,-29998,-29998,-29997,-29998,-29999,-29999]} 1. Nf3 d5 2. g3 g6 3. Bg2 Bg7 4. O-O e5 5. d3 Ne7 6. c4 dxc4 {A07: Réti Opening: New York and Capablanca Systems.} 7. Qa4+ Nbc6 8. Qxc4 O-O {Black is slightly better.} 9. a3 Be6 10. Qc2 h6 11. Nc3 Qd7 {[#]} (11... Nd4 $15 12. Nxd4 exd4) 12. Na4 $146 (12. Ne4 $11) ({Predecessor:} 12. Ne4 b6 13. Bxh6 f5 14. Bxg7 Kxg7 15. Neg5 Bg8 16. Rac1 Rac8 17. Rfd1 Qd6 18. h4 {1-0 (56) Bocharov,D (2577)-Inarkiev,E (2664) St Petersburg 2015}) 12... Bh3 $2 (12... b6 $17) 13. Nc5 $14 {[%mdl 64] Double Attack} Qc8 14. Bxh3 Qxh3 15. Nxb7 Nd4 16. Nxd4 exd4 17. Na5 ({White should play} 17. Qxc7 $16 Nd5 18. Qc6) 17... Nf5 (17... Rfe8 $14) 18. Qc6 h5 (18... Rae8 $142) 19. Qg2 ({Much less strong is} 19. Qxc7 Rac8 $16) 19... Qg4 $2 {[%mdl 8192]} (19... Qxg2+ $16 20. Kxg2 Rae8) 20. h3 $2 ({Only move:} 20. f3 $18 Nh4 21. gxh4 Qxg2+ 22. Kxg2) 20... Qxe2 $15 21. Qe4 Qxe4 22. dxe4 Nd6 23. f3 c5 ({Black should try} 23... f5 $17 24. Bf4 fxe4 25. Bxd6 cxd6 26. fxe4 Rfe8) 24. Rd1 (24. Bf4 $14 Rfd8 25. Nc6) 24... Rab8 25. b3 (25. Bf4 $11 Rb6 26. Rac1) 25... Rfc8 26. Ra2 (26. Bd2 $11 {remains equal.}) 26... Nb5 {Hoping for ...Nc3.} 27. Bd2 Bf6 (27... d3 $17 {aiming for ...Nc3.} 28. Kf1 Nd4 {[%mdl 64] Double Attack}) 28. a4 (28. Nc4 $11) 28... Nc3 $36 {[%mdl 2048] Black is in control.} 29. Bxc3 dxc3 30. Rc2 Bd4+ 31. Kf1 Rb6 32. Ke2 ({Better is} 32. Rdc1 $15) 32... Ra6 33. Nc4 Rb8 34. Rb1 {[#]} (34. Kd3 $17) 34... Rxa4 $1 $19 {[%mdl 512]} 35. bxa4 (35. Kd3 {was called for.}) 35... Rxb1 {[%mdl 4096] Endgame KRB-KRN} 36. f4 Rh1 37. Kf3 Ra1 ({Don't blunder} 37... Rxh3 $2 38. Kg2 $18) 38. e5 (38. Ne3 {is a better defense.}) 38... Rxa4 39. Nd6 Rb4 40. Ke4 Rb2 41. Kd3 Rxc2 42. Kxc2 {KB-KN} Kf8 43. Nc8 $2 (43. Nb7) 43... a5 44. Nd6 a4 45. Nc4 Ke7 46. g4 hxg4 47. hxg4 f6 48. exf6+ Kxf6 49. Nd6 Be3 $2 (49... a3 $19 {is more deadly.} 50. Ne4+ Ke7 51. Nxc3 Bxc3 52. Kxc3 {[#]} c4 $1 {[%mdl 576] Promotion}) 50. Kxc3 $2 {[%mdl 8192]} (50. Ne4+ $17 Ke6 51. Nxc3) 50... Bxf4 51. Ne4+ Ke5 {Black mates.} 52. Nxc5 a3 53. Nd3+ Ke4 54. Nb4 Kf3 55. Kd3 Bd6 56. Na2 Be7 57. g5 Kg4 58. Ke2 Kxg5 59. Kf1 Kf5 60. Ke2 Ke5 61. Kf3 Kd5 62. Kg4 g5 63. Kf3 Kc4 64. Nc1 Kc3 65. Na2+ Kc2 66. Ke2 Bc5 67. Ke1 g4 68. Kf1 Kb2 69. Kg2 Kxa2 70. Kg3 Kb3 71. Kxg4 a2 72. Kf5 a1=Q 73. Ke6 Qd4 74. Kf7 Qd6 75. Kg7 Kc4 76. Kh8 Qe7 77. Kg8 Kd5 78. Kh8 Ke5 79. Kg8 Kf6 {[%csl Gf6][%cal Re7g7]} 80. Kh8 Qg7# {What a bad dream for White. Accuracy: White = 49%, Black = 70%.} 0-1

[Event "Stay Safe Play From Home 347"]
[Site "Emanuel Lasker Arena"]
[Date "2020.07.31"]
[Round "8"]
[White "Little champs"]
[Black "NTBT_DHS"]
[Result "0-1"]
[WhiteElo "2121"]
[BlackElo "2612"]
[Annotator "TA"]
[PlyCount "54"]
[EventDate "2020.07.31"]
[EventType "swiss (blitz)"]

{[%evp 16,54,66,25,18,18,24,33,52,44,45,45,35,45,68,5,7,0,0,0,0,-104,-110,-111,-116,-141,-137,-297,-292,-485,-410,-897,-871,-1022,-1013,-1246,-1217,-3578,-2829,-5473,-5473]} 1. d4 Nf6 2. e3 g6 3. Nf3 Bg7 4. Be2 O-O 5. O-O d6 6. c4 c5 7. Nc3 Nc6 8. d5 Na5 9. Qc2 e6 {E61: King's Indian: Early deviations for White, including Smyslov System.} 10. e4 exd5 11. Nxd5 Nc6 {White is slightly better.} 12. Bg5 Bg4 13. Rad1 {[#] Black must now prevent e5!} Bxf3 14. Bxf3 Nd4 {[#]} 15. Rxd4 $146 ({White should try} 15. Qc1 $14) ({Predecessor:} 15. Qd3 Re8 16. Rfe1 Re5 17. Bxf6 Bxf6 18. b4 b6 19. Rb1 Bg7 20. g3 Re8 21. bxc5 bxc5 {½-½ (33) Matsuura,E (2408)-Lima,D (2488) Brasilia 1999}) 15... cxd4 $11 16. Qd3 Re8 17. g3 h6 18. Bf4 (18. Nxf6+ $11 Bxf6 19. Bxh6) 18... Nxd5 $17 19. cxd5 Qb6 20. b3 Rac8 21. Bg4 $2 {[#] This move loses the game for White.} (21. Bd2 $17) 21... Rc3 $19 22. Qd2 $2 (22. Qd1 {was called for.}) 22... Rxe4 {Hoping for ...g5.} 23. Bxh6 (23. Qd1 $142) 23... Rxg4 {Black is clearly winning.} 24. Bxg7 Kxg7 25. Qe2 Rg5 26. Qe7 Re5 27. Qd7 d3 {Accuracy: White = 31%, Black = 100%.} 0-1